History of internal trade barriers in British India : (Record no. 19304)
[ view plain ]
| 000 -LEADER | |
|---|---|
| fixed length control field | 01015cam a2200301 4500 |
| 001 - CONTROL NUMBER | |
| control field | 305732 |
| 003 - CONTROL NUMBER IDENTIFIER | |
| control field | BDDh-ASL |
| 005 - DATE AND TIME OF LATEST TRANSACTION | |
| control field | 20231015025754.0 |
| 008 - FIXED-LENGTH DATA ELEMENTS--GENERAL INFORMATION | |
| fixed length control field | 721102m19729999ii b 000 0 eng |
| 010 ## - LIBRARY OF CONGRESS CONTROL NUMBER | |
| LC control number | 72902908 |
| 040 ## - CATALOGING SOURCE | |
| Original cataloging agency | DLC |
| Transcribing agency | DLC |
| Modifying agency | BDDh-ASL |
| 043 ## - GEOGRAPHIC AREA CODE | |
| Geographic area code | a-ii--- |
| -- | e-uk--- |
| 050 00 - LIBRARY OF CONGRESS CALL NUMBER | |
| Classification number | HF3785 |
| Item number | .B28 |
| 082 ## - DEWEY DECIMAL CLASSIFICATION NUMBER | |
| Classification number | 954 |
| Item number | BAH |
| 100 1# - MAIN ENTRY--PERSONAL NAME | |
| Personal name | Banerjee, Tarasankar, |
| Dates associated with a name | 1934- |
| 245 10 - TITLE STATEMENT | |
| Title | History of internal trade barriers in British India : |
| Remainder of title | a study of transit and town duties / |
| 260 ## - PUBLICATION, DISTRIBUTION, ETC. | |
| Place of publication, distribution, etc. | Calcutta, |
| Name of publisher, distributor, etc. | Asiatic Society |
| Date of publication, distribution, etc. | [1972- |
| 300 ## - PHYSICAL DESCRIPTION | |
| Extent | 156 p. : |
| Dimensions | 25 cm. |
| 350 ## - PRICE (NR) (BK AM CF MU VM SE) [OBSOLETE] | |
| Price | Rs25.00 (v. 1) |
| 490 1# - SERIES STATEMENT | |
| Series statement | Asiatic Society. Monograph series ; |
| Volume/sequential designation | v. 21 |
| 504 ## - BIBLIOGRAPHY, ETC. NOTE | |
| Bibliography, etc. note | Includes bibliographical references. |
| 505 1# - FORMATTED CONTENTS NOTE | |
| Formatted contents note | v. 1. Bengal Presidency, 1765-1836. |
| 651 #0 - SUBJECT ADDED ENTRY--GEOGRAPHIC NAME | |
| Geographic name | India |
| General subdivision | Commerce |
| -- | History. |
| 651 #0 - SUBJECT ADDED ENTRY--GEOGRAPHIC NAME | |
| Geographic name | Great Britain |
| General subdivision | Politics and government |
| Chronological subdivision | 1910-1936. |
| 830 #0 - SERIES ADDED ENTRY--UNIFORM TITLE | |
| Uniform title | Asiatic Society monograph series ; |
| Volume/sequential designation | v. 21, etc. |
| 906 ## - LOCAL DATA ELEMENT F, LDF (RLIN) | |
| a | 7 |
| b | cbc |
| c | orignew |
| d | 4 |
| e | ncip |
| f | 19 |
| g | y-gencatlg |
| 942 ## - ADDED ENTRY ELEMENTS (KOHA) | |
| Source of classification or shelving scheme | Dewey Decimal Classification |
| Koha item type | Books |
| Withdrawn status | Lost status | Source of classification or shelving scheme | Damaged status | Not for loan | Collection code | Home library | Current library | Shelving location | Date acquired | Source of acquisition | Total Checkouts | Full call number | Barcode | Date last seen | Copy number | Price effective from | Koha item type |
|---|---|---|---|---|---|---|---|---|---|---|---|---|---|---|---|---|---|
| Dewey Decimal Classification | Non-fiction | Asiatic Society Library | Asiatic Society Library | Sirajul Islam Collection | 11/23/2020 | Donated by Professor Sirajul Islam, FRHS | 954 BAH | 102619 | 11/23/2020 | C-1 | 11/23/2020 | Books |